[Event "EWIRCC 2019"]
[Site "Monte-Carlo"]
[Date "2019.11.30"]
[Round "5.17"]
[White "Semenova, Elena"]
[Black "Michna, Marta"]
[Result "0-1"]
[WhiteElo "2282"]
[BlackElo "2366"]
[Annotator "NA"]
[PlyCount "112"]
[EventDate "2019.11.28"]
[EventType "swiss"]
[EventCountry "MNC"]
[SourceTitle "playchess.com"]
[Source "ChessBase"]
[SourceQuality "1"]
[TimeControl "5400+30"]

1. e4 {[%emt 1:15:11]} e6 {[%emt 1:15:11]} 2. d4 {[%emt 0:00:22]} d5 {[%emt 0:00:21]} 3. e5 {[%emt 0:00:32]} b6 {[%emt 0:00:30]} 4. c3 {[%emt 0:00:30]} Qd7 {[%emt 0:00:21]} 5. Bd3 {[%emt 0:00:44]} c5 {[%emt 0:00:56]} 6. Nf3 {[%emt 0:00:48]} Ba6 {[%emt 0:00:31]} 7. O-O {[%emt 0:00:25]} Bxd3 {[%emt 0:01:02]} 8. Qxd3 {[%emt 0:00:21]} Nc6 {[%emt 0:00:56]} 9. Nbd2 {[%emt 0:00:36]} c4 {[%emt 0:03:48]} 10. Qe2 {[%emt 0:00:41]} b5 {[%emt 0:00:31]} 11. b3 {[%emt 0:00:47]} Rb8 {[%emt 0:02:41]} 12. a4 {[%emt 0:00:49]} a6 {[%emt 0:00:23]} 13. Rd1 {[%emt 0:01:43]} Nh6 {[%emt 0:02:26]} 14. Nf1 {[%emt 0:01:22]} Nf5 {[%emt 0:00:56]} 15. g4 {[%emt 0:02:15]} Nfe7 {[%emt 0:00:21]} 16. axb5 {[%emt 0:01:04]} axb5 {[%emt 0:00:21]} 17. Ng3 {[%emt 0:01:42]} g6 {[%emt 0:01:48]} 18. Bg5 {[%emt 0:01:50]} Ng8 {[%emt 0:00:47]} 19. b4 {[%emt 0:00:36]} Be7 {[%emt 0:01:40]} 20. Bf4 {[%emt 0:00:57]} h6 {[%emt 0:00:34]} 21. Ra6 {[%emt 0:00:44]} Kf8 {[%emt 0:01:32]} 22. Rda1 {[%emt 0:00:36]} Qb7 {[%emt 0:00:59]} 23. Qa2 {[%emt 0:00:33]} Kg7 {[%emt 0:00:44]} 24. Ra8 {[%emt 0:02:52]} Bxb4 {[%emt 0:01:32]} 25. Rxb8 {[%emt 0:00:39]} Qxb8 {[%emt 0:00:22]} 26. cxb4 {[%emt 0:01:01]} Nxb4 {[%emt 0:00:20]} 27. Qd2 {[%emt 0:00:57]} Nc6 {[%emt 0:00:38]} 28. Qc2 {[%emt 0:00:52]} Nge7 {[%emt 0:00:34]} 29. Nf1 {[%emt 0:00:49]} b4 {[%emt 0:00:41]} 30. N1d2 {[%emt 0:00:21]} Qb5 {[%emt 0:00:26]} 31. Qa4 {[%emt 0:01:03]} Qxa4 32. Rxa4 {[%emt 0:00:21]} Rb8 {[%emt 0:00:52]} 33. Kf1 {[%emt 0:00:32]} Rb5 {[%emt 0:00:49]} 34. Ke2 {[%emt 0:00:28]} Nc8 {[%emt 0:00:31]} 35. Nb1 {[%emt 0:00:49]} N8a7 {[%emt 0:00:31]} 36. h4 {[%emt 0:00:44]} Rb7 {[%emt 0:00:26]} 37. Kd2 {[%emt 0:00:28]} Nb5 {[%emt 0:00:32]} 38. Be3 {[%emt 0:00:30]} c3+ {[%emt 0:00:43]} 39. Kc1 {[%emt 0:01:27]} b3 {[%emt 0:00:25]} 40. Ne1 {[%emt 0:00:31]} c2 {[%emt 0:00:56]} 41. Nxc2 {[%emt 0:00:38]} bxc2 42. Kxc2 {[%emt 0:00:21]} Nc7 {[%emt 0:00:49]} 43. Nc3 {[%emt 0:00:30]} Nb5 {[%emt 0:01:04]} 44. Ne2 {[%emt 0:00:34]} Nc7 {[%emt 0:00:30]} 45. Nc3 {[%emt 0:00:55]} Nb4+ {[%emt 0:00:06]} 46. Kd2 {[%emt 0:00:00]} Nc6 {[%emt 0:00:22]} 47. Kc2 {[%emt 0:00:13]} Rb4 {[%emt 0:00:22]} 48. Rxb4 {[%emt 0:00:31]} Nxb4+ {[%emt 0:00:21]} 49. Kb3 {[%emt 0:00:25]} Nd3 {[%emt 0:01:19]} 50. Ne2 {[%emt 0:01:21]} Ne1 {[%emt 0:00:00]} 51. Nf4 {[%emt 0:00:00]} Nf3 {[%emt 0:00:05]} 52. Ng2 {[%emt 0:00:13]} Nb5 {[%emt 0:00:23]} 53. Kb4 {[%emt 0:00:23]} Nbxd4 {[%emt 0:00:22]} 54. Kc3 {[%emt 0:01:24]} Nc6 55. Kd3 {[%emt 0:00:00]} Nfxe5+ {[%emt 0:00:45]} 56. Ke2 {[%emt 0:00:01]} Nxg4 {[%emt 0:00:22]} 0-1

[Event "EWIRCC 2019"]
[Site "Monte-Carlo"]
[Date "2019.11.30"]
[Round "5.18"]
[White "Johansson, Viktoria"]
[Black "Benmesbah, Natacha"]
[Result "1-0"]
[WhiteElo "2120"]
[BlackElo "2265"]
[Annotator "NA"]
[PlyCount "93"]
[EventDate "2019.11.28"]
[EventType "swiss"]
[EventCountry "MNC"]
[SourceTitle "playchess.com"]
[Source "ChessBase"]
[SourceQuality "1"]
[TimeControl "5400+30"]

1. d4 {[%emt 1:15:11]} Nf6 {[%emt 1:15:10]} 2. c4 {[%emt 0:00:22]} c5 {[%emt 0:00:21]} 3. d5 {[%emt 0:00:23]} g6 {[%emt 0:00:31]} 4. Nc3 {[%emt 0:00:24]} Bg7 {[%emt 0:00:22]} 5. e4 {[%emt 0:00:34]} d6 {[%emt 0:00:21]} 6. f4 {[%emt 0:00:35]} O-O {[%emt 0:02:50]} 7. Nf3 {[%emt 0:01:00]} e5 {[%emt 0:00:31]} 8. fxe5 {[%emt 0:01:58]} Ng4 {[%emt 0:00:21]} 9. Bg5 {[%emt 0:01:22]} Qb6 {[%emt 0:14:03]} 10. Qd2 {[%emt 0:00:51]} Nxe5 {[%emt 0:00:00]} 11. Be2 {[%emt 0:01:48]} Nbd7 {[%emt 0:00:00]} 12. O-O {[%emt 0:00:33]} f6 {[%emt 0:00:00]} 13. Be3 {[%emt 0:00:43]} a6 {[%emt 0:00:00]} 14. Kh1 {[%emt 0:00:26]} Qd8 {[%emt 0:00:00]} 15. a3 {[%emt 0:01:06]} Nxf3 {[%emt 0:00:00]} 16. gxf3 {[%emt 0:00:28]} f5 {[%emt 0:00:00]} 17. Bg5 {[%emt 0:01:01]} Qe8 {[%emt 0:00:00]} 18. exf5 {[%emt 0:01:00]} Rxf5 {[%emt 0:00:00]} 19. Bd3 {[%emt 0:00:22]} Bxc3 {[%emt 0:00:00]} 20. bxc3 {[%emt 0:00:26]} Ne5 {[%emt 0:00:00]} 21. Bxf5 {[%emt 0:00:36]} Bxf5 {[%emt 0:00:00]} 22. Rae1 {[%emt 0:00:42]} Qa4 {[%emt 0:00:00]} 23. f4 {[%emt 0:00:46]} Nf7 {[%emt 0:00:00]} 24. Re7 {[%emt 0:01:14]} Qxc4 {[%emt 0:00:00]} 25. Rfe1 {[%emt 0:00:27]} Kg7 {[%emt 0:00:01]} 26. Qe3 {[%emt 0:01:19]} Qxd5+ {[%emt 0:00:26]} 27. Kg1 {[%emt 0:00:26]} h6 {[%emt 0:01:05]} 28. Bh4 {[%emt 0:00:57]} b5 {[%emt 0:00:23]} 29. Re2 {[%emt 0:01:30]} Rf8 {[%emt 0:02:46]} 30. Rd2 {[%emt 0:00:24]} Qc6 {[%emt 0:00:23]} 31. c4 {[%emt 0:00:44]} bxc4 {[%emt 0:00:42]} 32. Qc3+ {[%emt 0:01:33]} Kg8 {[%emt 0:00:21]} 33. Bf6 {[%emt 0:00:34]} d5 {[%emt 0:00:37]} 34. Bh8 {[%emt 0:00:57]} d4 {[%emt 0:01:05]} 35. Rxd4 {[%emt 0:00:22]} cxd4 {[%emt 0:03:58]} 36. Qxd4 {[%emt 0:00:27]} Qb6 {[%emt 0:00:27]} 37. Qxb6 {[%emt 0:00:27]} Kxh8 {[%emt 0:00:21]} 38. Qxa6 {[%emt 0:00:49]} Bd3 {[%emt 0:00:27]} 39. Qf6+ {[%emt 0:00:34]} Kg8 {[%emt 0:00:21]} 40. a4 {[%emt 0:00:23]} Bf5 {[%emt 0:01:06]} 41. a5 {[%emt 0:00:26]} c3 {[%emt 0:00:22]} 42. Qxc3 {[%emt 0:00:22]} Rd8 {[%emt 0:00:25]} 43. a6 {[%emt 0:00:37]} Rd1+ {[%emt 0:00:25]} 44. Kf2 {[%emt 0:00:23]} Kf8 {[%emt 0:00:25]} 45. Rc7 {[%emt 0:00:36]} Nd6 {[%emt 0:00:43]} 46. Qg7+ {[%emt 0:00:27]} Ke8 {[%emt 0:00:22]} 47. Qe7# {[%emt 0:00:21]} 1-0

[Event "EWIRCC 2019"]
[Site "Monte-Carlo"]
[Date "2019.11.30"]
[Round "5.19"]
[White "Babiy, Olga"]
[Black "Unuk, Laura"]
[Result "0-1"]
[WhiteElo "2249"]
[BlackElo "2298"]
[Annotator "NA"]
[PlyCount "106"]
[EventDate "2019.11.28"]
[EventType "swiss"]
[EventCountry "MNC"]
[SourceTitle "playchess.com"]
[Source "ChessBase"]
[SourceQuality "1"]
[TimeControl "5400+30"]

1. e4 {[%emt 1:15:10]} e5 {[%emt 1:15:14]} 2. Nf3 {[%emt 0:00:24]} Nc6 {[%emt 0:00:21]} 3. Bb5 {[%emt 0:00:25]} a6 {[%emt 0:00:22]} 4. Ba4 {[%emt 0:00:21]} Nf6 {[%emt 0:00:22]} 5. O-O {[%emt 0:00:22]} b5 {[%emt 0:00:22]} 6. Bb3 {[%emt 0:00:21]} Bc5 {[%emt 0:00:22]} 7. Re1 {[%emt 0:01:23]} d6 {[%emt 0:00:34]} 8. c3 {[%emt 0:00:22]} h6 {[%emt 0:01:12]} 9. d4 {[%emt 0:00:33]} Bb6 {[%emt 0:00:21]} 10. h3 {[%emt 0:00:25]} O-O {[%emt 0:00:23]} 11. Be3 {[%emt 0:00:28]} Re8 {[%emt 0:01:05]} 12. dxe5 {[%emt 0:01:17]} dxe5 {[%emt 0:01:26]} 13. Bxb6 {[%emt 0:01:25]} cxb6 {[%emt 0:00:23]} 14. Nbd2 {[%emt 0:00:59]} Na5 {[%emt 0:00:38]} 15. Bc2 {[%emt 0:00:25]} Bb7 {[%emt 0:00:30]} 16. Qe2 {[%emt 0:00:56]} Qc7 {[%emt 0:00:32]} 17. Rac1 {[%emt 0:01:14]} Rad8 {[%emt 0:00:26]} 18. Nf1 {[%emt 0:00:24]} Nh5 {[%emt 0:01:19]} 19. g3 {[%emt 0:01:35]} Nf6 {[%emt 0:01:27]} 20. Nh4 {[%emt 0:01:27]} Nc4 {[%emt 0:00:36]} 21. Bb1 {[%emt 0:02:31]} Rd7 {[%emt 0:00:48]} 22. Nf5 {[%emt 0:00:50]} Red8 {[%emt 0:00:59]} 23. Qf3 {[%emt 0:00:26]} Qc6 {[%emt 0:00:39]} 24. b3 {[%emt 0:01:28]} Na3 {[%emt 0:00:59]} 25. Red1 {[%emt 0:02:31]} Kf8 {[%emt 0:01:08]} 26. Bd3 {[%emt 0:00:26]} Nxe4 {[%emt 0:00:37]} 27. Qg4 {[%emt 0:01:04]} g6 {[%emt 0:01:25]} 28. Bxe4 {[%emt 0:01:21]} Qxe4 {[%emt 0:00:40]} 29. Qxe4 {[%emt 0:00:21]} Bxe4 {[%emt 0:00:23]} 30. Rxd7 {[%emt 0:00:25]} Rxd7 {[%emt 0:00:22]} 31. Nxh6 {[%emt 0:00:55]} f5 {[%emt 0:00:38]} 32. g4 {[%emt 0:00:21]} Kg7 {[%emt 0:00:35]} 33. g5 {[%emt 0:00:21]} a5 {[%emt 0:01:11]} 34. h4 {[%emt 0:00:35]} Bc2 {[%emt 0:01:14]} 35. Ne3 {[%emt 0:00:25]} Bb1 {[%emt 0:00:22]} 36. Kf1 {[%emt 0:01:50]} Rd2 {[%emt 0:02:54]} 37. Ke1 {[%emt 0:01:07]} Rxa2 {[%emt 0:00:29]} 38. Rd1 {[%emt 0:00:21]} Nc2+ {[%emt 0:01:42]} 39. Nxc2 {[%emt 0:00:22]} Bxc2 {[%emt 0:00:21]} 40. Rd7+ {[%emt 0:00:21]} Kf8 {[%emt 0:00:23]} 41. h5 {[%emt 0:00:54]} Ra1+ {[%emt 0:00:22]} 42. Ke2 {[%emt 0:00:27]} f4 {[%emt 0:01:06]} 43. hxg6 {[%emt 0:00:36]} Bxg6 {[%emt 0:00:24]} 44. Rb7 {[%emt 0:00:51]} a4 {[%emt 0:00:52]} 45. bxa4 {[%emt 0:00:21]} bxa4 {[%emt 0:00:22]} 46. Rxb6 {[%emt 0:00:21]} Bh5+ {[%emt 0:01:12]} 47. Kd3 {[%emt 0:00:32]} a3 {[%emt 0:00:21]} 48. Rf6+ {[%emt 0:01:38]} Ke8 {[%emt 0:01:12]} 49. Kc2 {[%emt 0:00:21]} Bd1+ {[%emt 0:00:59]} 50. Kd2 {[%emt 0:00:28]} a2 {[%emt 0:00:22]} 51. Re6+ {[%emt 0:00:52]} Kd7 {[%emt 0:00:23]} 52. Ra6 {[%emt 0:00:21]} Bb3 {[%emt 0:00:23]} 53. Ra7+ {[%emt 0:00:29]} Kc6 {[%emt 0:00:29]} 0-1

[Event "EWIRCC 2019"]
[Site "Monte-Carlo"]
[Date "2019.12.01"]
[Round "6.1"]
[White "Rogule, Laura"]
[Black "Bulmaga, Irina"]
[Result "1-0"]
[WhiteElo "2293"]
[BlackElo "2435"]
[Annotator "TA"]
[PlyCount "93"]
[EventDate "2019.11.28"]
[EventType "swiss"]
[EventCountry "MNC"]
[SourceTitle "playchess.com"]
[Source "ChessBase"]
[SourceQuality "1"]

{[%evp 11,107,22,33,2,18,14,16,23,26,10,20,19,20,5,5,6,12,0,27,16,49,34,45,45,54,38,95,86,89,87,91,34,26,35,43,-36,131,124,166,166,181,180,190,191,189,180,167,177,191,173,183,145,164,112,138,92,195,197,226,237,293,291,279,254,341,265,246,184,252,237,480,483,451,369,591,579,994,450,969,961,1134,1054,978,916,2166,2120,1956,1710,1992,1810,29984,29985,29988,29988,29990,29980,29979,29978]} 1. d4 Nf6 2. Nf3 e6 3. g3 b6 4. Bg2 Bb7 5. c4 Bb4+ 6. Bd2 Be7 7. O-O {E16: Queen's Indian: 4 g3 Bb7 5 Bg2 Bb4+} d5 (7... O-O 8. Nc3 Na6 9. d5 exd5 10. Nh4 c6 11. cxd5 Nxd5 12. Nf5 Nac7 13. e4 Nxc3 14. Bxc3 Ne6 15. Qg4 Bf6 16. e5 Be7 {0-1 (35) Andreikin,D (2722)-Rapport,R (2736) Hengshui 2019}) 8. Qa4+ c6 9. cxd5 {The position is equal.} exd5 10. Bb4 O-O 11. Bxe7 Qxe7 12. Qc2 $146 ({Predecessor:} 12. Nc3 Nbd7 13. Rfe1 c5 14. Rad1 Rfe8 {1-0 (50) Foisor,S (2264)-Bulmaga,I (2386) Bucharest 2018}) 12... Nbd7 13. Nc3 Ne4 14. e3 Nxc3 (14... f5 {is interesting.} 15. Rac1 Rae8 16. Qa4 a6 17. h4 a5) 15. Qxc3 c5 16. dxc5 bxc5 17. Rfd1 Nf6 18. Rac1 Ne4 (18... Rac8 $14) 19. Qe5 $16 Qd8 20. Nd2 $1 {[%cal Rd2e4]} Re8 21. Qf5 (21. Qf4 $16 Ng5 22. b4) 21... g6 $14 22. Qf4 $36 {[%mdl 2048] Threatens to win with Nxe4. Black is under pressure.} Ng5 23. Nb3 {[#]} (23. Qh4 $14) 23... Ne6 $2 {[#]} (23... Re4 $1 $15 {[%mdl 512] stays ahead.} 24. Nxc5 (24. Bxe4 Nh3+) 24... Rxf4 25. exf4 Rb8 26. Nxb7 Rxb7 27. fxg5 Rxb2 28. Bxd5 Qb6 $1 {[%mdl 512]}) 24. Qa4 $1 $16 Rc8 25. Qxa7 Re7 26. Nxc5 Nxc5 27. Rxc5 Ra8 28. Rcxd5 Bxd5 29. Qd4 Rd7 {Strongly threatening ...Bb3!} 30. Bxd5 Qf8 31. Qc4 Rc8 32. Qb3 (32. Qb5 $18 Ra7 33. Qb6) 32... Rdc7 33. Kg2 Qe7 (33... Rb8 $16 {was worth a try.} 34. Qa3 Qxa3 35. bxa3 Rd7) 34. a4 Rc2 {[#] ...Qf6 would now be nice for Black.} 35. Rd4 $1 {[%cal Rd4f4]} Kg7 36. Rf4 {[%cal Rf4f7]} f6 37. Rd4 R8c7 38. Be4 Rc1 39. Qb5 R1c5 (39... Qe5 $142 40. b3 Re7) 40. Qd3 $18 Re5 $2 (40... Qe6 41. Bd5 Qd6) 41. b4 {[%cal Bb2b4,Bb4b5][%mdl 32]} Qe6 42. b5 Re7 $2 (42... Rh5 {was called for.} 43. Qb1 Rc3) 43. Bc6 Qa2 {Black hopes to continue with ...Rxe3.} 44. Qd2 (44. Rd7 $142 Qe6 45. a5) 44... Qe6 (44... Qxd2 $142 45. Rxd2 Rc5) 45. a5 Rh5 46. h4 Rc5 47. Rd6 {Played: Rd4-e4} 1-0

[Event "EWIRCC 2019"]
[Site "Monte-Carlo"]
[Date "2019.12.01"]
[Round "6.2"]
[White "Daulyte-Cornette, Deimante"]
[Black "Muzychuk, Anna"]
[Result "1/2-1/2"]
[WhiteElo "2405"]
[BlackElo "2543"]
[Annotator "TA"]
[PlyCount "54"]
[EventDate "2019.11.28"]
[EventType "swiss"]
[EventCountry "MNC"]
[SourceTitle "playchess.com"]
[Source "ChessBase"]
[SourceQuality "1"]

{[%evp 9,54,13,21,13,20,21,16,0,12,16,18,-10,24,16,21,-4,-11,-13,-11,-13,-3,-10,0,-20,0,0,19,25,29,35,44,31,47,10,108,0,0,0,110,84,176,175,170,82,106,86,58]} 1. e4 c5 2. Nf3 Nc6 3. Nc3 g6 4. Bb5 Bg7 5. O-O e5 6. a3 {B31: Sicilian: 2...Nc6 3 Bb5 g6} Nge7 7. b4 d6 8. d3 {The position is equal.} O-O 9. bxc5 dxc5 10. h3 h6 11. Bc4 Kh7 12. Be3 $146 (12. Rb1 b6 13. Nd5 Be6 14. Nxe7 Qxe7 {1-0 (55) Le,Q (2737)-Dubov,D (2694) Caleta 2018}) 12... b6 13. Nd2 f5 {[#] ...f4 is the strong threat.} 14. f3 f4 15. Bf2 g5 16. Nd5 Ng6 17. a4 Na5 18. Nb3 {aiming for Nxa5.} Nxc4 19. dxc4 a5 20. Qe2 Rb8 21. Rfd1 Qe8 (21... Rf7 $11) 22. Nc7 (22. Rab1 $16) 22... Qe7 $11 23. Nd5 Qf7 (23... Qe8 $11 {keeps the balance.}) 24. Rdb1 {[#] Hoping for Nxc5!} Bd7 (24... Qa7 $16 {is a better defense.}) 25. Nc1 Qe6 26. Rb2 (26. Nd3 $18 {has better winning chances.}) 26... Ne7 $16 27. Rab1 {Black must now prevent Bxc5!} Nxd5 {Accuracy: White = 44%, Black = 46%.} 1/2-1/2

[Event "EWIRCC 2019"]
[Site "Monte-Carlo"]
[Date "2019.12.01"]
[Round "6.3"]
[White "Zhukova, Natalia"]
[Black "Muzychuk, Mariya"]
[Result "1/2-1/2"]
[WhiteElo "2323"]
[BlackElo "2552"]
[Annotator "ChessBase"]
[PlyCount "86"]
[EventDate "2019.11.28"]
[EventType "swiss"]
[EventCountry "MNC"]
[SourceTitle "playchess.com"]
[Source "ChessBase"]
[SourceQuality "1"]
[TimeControl "5400+30"]

1. c4 {[%emt 1:15:12]} c6 {[%emt 1:15:11]} 2. d4 {[%emt 0:00:30]} d5 {[%emt 0:00:20]} 3. Nf3 {[%emt 0:00:22]} Nf6 {[%emt 0:00:22]} 4. Nc3 {[%emt 0:00:23]} e6 {[%emt 0:00:21]} 5. Bg5 {[%emt 0:00:23]} h6 {[%emt 0:00:26]} 6. Bh4 {[%emt 0:00:22]} Nbd7 {[%emt 0:01:36]} 7. e3 {[%emt 0:00:22]} Qa5 {[%emt 0:00:27]} 8. Nd2 {[%emt 0:00:45]} Bd6 {[%emt 0:00:54]} 9. Be2 {[%emt 0:00:52]} O-O {[%emt 0:00:31]} 10. O-O {[%emt 0:00:27]} a6 {[%emt 0:02:08]} 11. c5 {[%emt 0:02:34]} Bb8 {[%emt 0:00:45]} 12. f4 {[%emt 0:00:23]} b5 {[%emt 0:00:27]} 13. a3 {[%emt 0:03:17]} Qc7 {[%emt 0:00:58]} 14. b4 {[%emt 0:01:07]} a5 {[%emt 0:00:28]} 15. Nb3 {[%emt 0:00:39]} a4 {[%emt 0:04:44]} 16. Nd2 {[%emt 0:00:37]} Nh7 {[%emt 0:00:21]} 17. Nf3 {[%emt 0:02:54]} f5 {[%emt 0:01:45]} 18. Be7 {[%emt 0:02:55]} Rf7 {[%emt 0:00:56]} 19. Bd6 {[%emt 0:00:21]} Qd8 {[%emt 0:00:21]} 20. Ne5 {[%emt 0:00:56]} Nxe5 {[%emt 0:00:22]} 21. dxe5 {[%emt 0:00:37]} g6 {[%emt 0:00:54]} 22. Bf3 {[%emt 0:00:27]} Bc7 {[%emt 0:01:19]} 23. Ne2 {[%emt 0:00:24]} Qe8 {[%emt 0:00:24]} 24. Nd4 {[%emt 0:00:22]} Bd8 {[%emt 0:00:24]} 25. g3 {[%emt 0:00:50]} Bd7 {[%emt 0:00:37]} 26. Kf2 {[%emt 0:00:45]} Rg7 {[%emt 0:01:06]} 27. h4 {[%emt 0:00:42]} h5 {[%emt 0:01:04]} 28. Ke1 {[%emt 0:00:23]} Qf7 {[%emt 0:00:34]} 29. Rc1 {[%emt 0:00:23]} Rc8 {[%emt 0:00:25]} 30. Rc3 {[%emt 0:00:29]} Qe8 {[%emt 0:00:42]} 31. Qe2 {[%emt 0:00:24]} Qf7 {[%emt 0:00:26]} 32. Kd2 {[%emt 0:00:20]} Qe8 {[%emt 0:00:30]} 33. Rfc1 {[%emt 0:00:21]} Kh8 {[%emt 0:00:30]} 34. Qf1 {[%emt 0:00:23]} Qf7 {[%emt 0:00:42]} 35. Be2 {[%emt 0:00:22]} Be8 {[%emt 0:00:22]} 36. Ke1 {[%emt 0:00:54]} Kg8 {[%emt 0:00:25]} 37. Kf2 {[%emt 0:00:21]} Kh8 {[%emt 0:00:21]} 38. Kg2 {[%emt 0:00:32]} Kg8 {[%emt 0:00:21]} 39. Kh3 {[%emt 0:00:21]} Kh8 {[%emt 0:00:22]} 40. Kh2 {[%emt 0:02:12]} Kg8 {[%emt 0:00:28]} 41. Kg2 {[%emt 0:00:21]} Kh8 {[%emt 0:00:21]} 42. Kh3 {[%emt 0:00:21]} Kg8 {[%emt 0:00:20]} 43. Bd3 {[%emt 0:01:10]} Kh8 {[%emt 0:00:25]} 1/2-1/2

[Event "EWIRCC 2019"]
[Site "Monte-Carlo"]
[Date "2019.12.01"]
[Round "6.4"]
[White "Gaprindashvili, Nona"]
[Black "Chiburdanidze, Maia"]
[Result "0-1"]
[WhiteElo "2275"]
[BlackElo "2500"]
[Annotator "TA"]
[PlyCount "102"]
[EventDate "2019.11.28"]
[EventType "swiss"]
[EventCountry "MNC"]
[SourceTitle "playchess.com"]
[Source "ChessBase"]
[SourceQuality "1"]

{[%evp 9,102,12,40,15,20,0,0,-8,8,-22,-13,-14,-5,-29,-18,-33,-23,-27,0,0,6,-42,0,2,20,26,22,14,24,19,16,20,30,0,25,16,14,8,35,25,31,0,0,0,0,-18,-7,-9,0,0,0,0,0,0,0,-8,-7,-83,-89,-143,-143,-144,-120,-166,-141,-141,-138,-217,-214,-308,-254,-355,-347,-330,-357,-452,-448,-434,-430,-434,-433,-392,-310,-387,-358,-346,-346,-388,-356,-867,-672,-29988,-29989,-29989,-647]} 1. d4 e6 2. c4 d5 3. Nf3 c6 4. Qc2 Nd7 5. Bf4 Ngf6 6. Nbd2 {D30: Queen's Gambit Declined: Systems without Nc3} Be7 7. h3 O-O 8. e3 {The position is equal.} c5 9. b3 $146 ({Predecessor:} 9. cxd5 Nxd5 10. Bh2 cxd4 11. Nxd4 Nc5 12. a3 Bd7 13. Be2 {0-1 (67) Andonov,B (2363)-Muslija,I (2251) Crikvenica 2007}) 9... b6 10. Bd3 Bb7 11. O-O Rc8 12. Rad1 Re8 13. Qb1 Nf8 (13... cxd4 {seems wilder.} 14. exd4 Bb4 15. Ne5 h6 16. Be3 Qe7) 14. dxc5 Bxc5 15. e4 dxe4 16. Nxe4 Bxe4 17. Bxe4 Qe7 18. Bc2 Ng6 19. Bd2 Red8 20. Bc3 a5 21. Qc1 Nh5 22. Rxd8+ Rxd8 23. Rd1 Nhf4 {[#] White must now prevent ...Ne2+.} 24. Rxd8+ Qxd8 25. Qd1 (25. Kf1 {feels hotter.} f6 26. Qe1 Qc8 27. Qb1 Qd7 28. h4) 25... Qxd1+ 26. Bxd1 Nd3 27. Bd4 e5 28. Bxc5 bxc5 $11 {[%mdl 4096] Endgame KBN-KNN} 29. Bc2 Ngf4 30. Kf1 Nb4 31. Bb1 f6 32. a3 Nc6 33. Nd2 (33. Be4 $11 Ne7 34. h4) 33... Nd4 $17 34. Be4 ({White should play} 34. h4) 34... Kf7 35. h4 f5 36. Bb1 Kf6 37. f3 Nfe2 38. g4 (38. Kf2 $17 {was worth a try.}) 38... g6 $19 39. h5 (39. Kf2 $142) 39... Nc1 40. hxg6 hxg6 41. gxf5 gxf5 42. b4 cxb4 43. axb4 axb4 44. c5 Ke6 45. Ke1 {Now c6! and White clings on.} Nce2 46. Bd3 Nc3 47. Bc4+ Kd7 48. Kf2 Kc6 49. Ke3 $2 (49. Bf7) 49... Kxc5 {[#] ( -> ...Nd1+)} 50. f4 Nd1+ 51. Kd3 e4+ {Accuracy: White = 29%, Black = 61%.} 0-1